000 00889nam0a22002531 4500
001 rc\2770883
005 20250805160813.4
035 _a(NLR Aleph) 006897260
090 _a7209988
_c7209988
100 _a20110915d1941 |||y0rusy50 ca
101 0 _arus
102 _aRU
105 _ay z |||||
200 1 _aТезисы "Хроническое раздражение коры головного мозга и эвакуаторная функция желудка"
_fА. С. Борщевский
_g2-й Харьк. мед. ин-т
210 _aХарьков
_cтип. ХЭТИ
_d1941
215 _a[3] с.
_d21 см.
700 1 _aБорщевский
_bА. С.
801 0 _aRU
_bNLR
_gpsbo
801 1 _aRU
_bELAR
_2rusmarc
852 _aNLR
_jАф02 Г-4/10
942 _cBOOK
945 _aРоссийская национальная библиотека
980 _aNB
980 _aBV